000 00293nam a22001337a 4500
008 170530b xxu||||| |||| 00| 0 eng d
020 _a9780465023264
041 _aeng
080 _a94(100) FER
100 _a17
101 _aSHH
245 _aTHE CASH NEXUS
_cFERGUSON, N
942 _2udc
_cBK
999 _c15024
_d15024